Ethnology and Caste (Record no. 227926)

MARC details
000 -LEADER
fixed length control field 00548nam a22002177a 4500
005 - DATE AND TIME OF LATEST TRANSACTION
control field 20230717141600.0
008 - FIXED-LENGTH DATA ELEMENTS--GENERAL INFORMATION
fixed length control field 230717b ||||| |||| 00| 0 eng d
020 ## - INTERNATIONAL STANDARD BOOK NUMBER
International Standard Book Number 818719068X
040 ## - CATALOGING SOURCE
Transcribing agency AL
041 ## - LANGUAGE CODE
Language code of text/sound track or separate title English
082 ## - DEWEY DECIMAL CLASSIFICATION NUMBER
Edition number 23
Classification number 305.5122
Item number RISI
100 ## - MAIN ENTRY--PERSONAL NAME
Personal name H H Risley
100 ## - MAIN ENTRY--PERSONAL NAME
9 (RLIN) 127377
245 ## - TITLE STATEMENT
Title Ethnology and Caste
260 ## - PUBLICATION, DISTRIBUTION, ETC.
Place of publication, distribution, etc. New Delhi
Name of publisher, distributor, etc. Blumoon Books
300 ## - PHYSICAL DESCRIPTION
Extent 77 p.
Other physical details PB
Dimensions 21.5x14 cm.
650 ## - SUBJECT ADDED ENTRY--TOPICAL TERM
Topical term or geographic name entry element India
9 (RLIN) 127378
650 ## - SUBJECT ADDED ENTRY--TOPICAL TERM
Topical term or geographic name entry element Caste
9 (RLIN) 127379
650 ## - SUBJECT ADDED ENTRY--TOPICAL TERM
Topical term or geographic name entry element Ethnology
9 (RLIN) 127380
700 ## - ADDED ENTRY--PERSONAL NAME
Personal name H H Risley
9 (RLIN) 127377
942 ## - ADDED ENTRY ELEMENTS (KOHA)
Source of classification or shelving scheme Dewey Decimal Classification
Koha item type Donated Books
Holdings
Withdrawn status Lost status Source of classification or shelving scheme Damaged status Not for loan Collection code Home library Current library Date acquired Total Checkouts Full call number Barcode Date last seen Price effective from Koha item type Public note
    Dewey Decimal Classification     Sociology St Aloysius Library St Aloysius Library 06/27/2023   305.5122 RISI D06003 07/17/2023 07/17/2023 Donated Books Donated by V.T. Rajshekar